Fake Dinosaurs Quiz 1 - Statistics

General Stats
  • This quiz has been taken 41 times
  • The average score is 3 of 10
Answers on the Grid
Answers color-coded by a green-red scale on the quiz's grid according to % correct below.
Torvosaurus
Mononykus
Duonychus
Trinychus
Minmi
Velonosaurus
Paleotitan
Bruhathkayosaurus
Dracovenator
Irritator
Tyrannomimus
Pteranodon
Brontosaurus
Tyrannasorus
Camptonotus
Camarasaurus
 
Answer Stats
Answer % Correct
Brontosaurus
71%
Irritator
43%
Camarasaurus
36%
Dracovenator
36%
Minmi
36%
Torvosaurus
36%
Bruhathkayosaurus
21%
Duonychus
21%
Tyrannomimus
21%
Mononykus
14%
No matching quizzes found
Score Distribution
Percent of People with Each Score
Percentile by Number Answered
Your Score History
You have not taken this quiz